|
|
|
|
| LEADER |
00000nab a2200000 a 4500 |
| 001 |
vtls000271575 |
| 003 |
SK-MaSNL |
| 005 |
20260304064148.0 |
| 008 |
250422c1986 xo 0 slo |
| 015 |
|
|
|a SNBRB19rr/mm-uuuuu
|
| 035 |
|
|
|a CL0281689
|
| 035 |
|
|
|a urn:nbn:sk:snk-ab6qpk
|
| 035 |
|
|
|a (uuid)913fd7e9-3c6a-4f16-9655-bd474b9bc9fa
|
| 035 |
|
|
|a (urnnbn)urn:nbn:sk:snk:ar-a0590s
|
| 035 |
|
|
|a (sysno)vtls000271575
|
| 040 |
|
|
|a SNKBUCL
|b slo
|c SNKBUCL
|e AACR2
|
| 041 |
0 |
|
|a cze
|
| 044 |
|
|
|a xo
|c SK
|
| 080 |
|
|
|a 330.35
|2 1981
|
| 080 |
|
|
|a 330.342.15
|2 1981
|
| 100 |
1 |
|
|a Nešporová, Alena,
|d 1950-
|4 aut
|9 100461
|
| 245 |
1 |
0 |
|a Analýza ekonomického růstu a procesu intenzifikace v šesti socialistických zemích
|c Alena Nešporová
|
| 300 |
|
|
|b Tb. 7. Res. rus., angl., lit. 13 zázn. v češ., ruš., angl.
|
| 650 |
0 |
7 |
|a ekonomika socialistická
|2 snkbucl
|9 921629
|
| 650 |
0 |
7 |
|a intenzifikácia
|2 snkbucl
|9 77068
|
| 655 |
|
7 |
|a články z novín a časopisov
|2 snkbucl
|9 267496
|
| 773 |
0 |
|
|t Ekonomický časopis
|g Roč. 34, č. 9 (1986), s. 812-825
|
| 850 |
|
|
|a Slovenská národná knižnica
|
| 852 |
|
|
|a Slovenská národná knižnica
|
| 954 |
|
|
|a odborná, vedecká literatúra cudzojazyčná (svetová)
|2 lita
|
| 958 |
|
|
|a article27
|
| 958 |
|
|
|a NB
|
| 958 |
|
|
|a RK
|
| 958 |
|
|
|a OND
|
| 958 |
|
|
|a EUIPO
|
| 992 |
|
|
|a RBX
|
| 999 |
|
|
|c 2745366
|d 2747296
|